000 00331nam a22001457a 4500
008 250709b ||||| |||| 00| 0 eng d
020 _aRILINDJA
041 _aSHQIP
080 _21985
_a001
082 _a001
100 _a1
101 _aGJUH DHE LETERSI
245 _aHISTORIA E LETERSIS BOTERORE
_cRILINDJA
942 _2udc
_cBK
999 _c60725
_d60725